[Event "Budapest FS08 FM-C"]
[Site "Budapest"]
[Date "2005.08.15"]
[Round "10"]
[White "Babas, Vagelis"]
[Black "Spurgeon, Paul"]
[Result "0-1"]
[WhiteElo "1928"]
[BlackElo "1969"]
[PlyCount "54"]
[EventDate "2005.08.06"]
[EventType "tourn"]
[EventRounds "11"]
[EventCountry "HUN"]
[SourceTitle "CBM 107 Extra"]
[Source "ChessBase"]
[SourceDate "2005.09.01"]
[SourceVersion "1"]
[SourceVersionDate "2005.09.01"]
[SourceQuality "1"]

1. e4 c5 2. Nf3 e6 3. d4 cxd4 4. Nxd4 Nf6 5. Nc3 Nc6 6. g3 Bb4 7. Bg2 Qa5 8. Nde2 0-0 9. 0-0 a6 10. Bf4 Rd8 11. a3 Be7 12. b4 Qh5 13. Bc7 Re8 14. Nf4 Qxd1 15. Rfxd1 Bd8 16. Bd6 b6 17. Na4 e5 18. Ne2 Re6 19. c4 Ne8 20. c5 Nxd6 21. cxd6 Rh6 22. h4 Bb7 23. f4 exf4 24. Nxf4 Ne5 25. Nd3 Nc4 26. e5 Bxg2 27. Rac1 b5 0-1

[Event "Budapest FS08 FM-C"]
[Site "Budapest"]
[Date "2005.08.13"]
[Round "8"]
[White "Grimonprez, Bertrand"]
[Black "Spurgeon, Paul"]
[Result "0-1"]
[WhiteElo "1811"]
[BlackElo "1969"]
[PlyCount "64"]
[EventDate "2005.08.06"]
[EventType "tourn"]
[EventRounds "11"]
[EventCountry "HUN"]
[SourceTitle "CBM 107 Extra"]
[Source "ChessBase"]
[SourceDate "2005.09.01"]
[SourceVersion "1"]
[SourceVersionDate "2005.09.01"]
[SourceQuality "1"]

1. e4 c5 2. Nf3 e6 3. d4 cxd4 4. Nxd4 Nf6 5. Bd3 Nc6 6. Be3 d5 7. Nxc6 bxc6 8. e5 Nd7 9. f4 Bc5 10. Qe2 Qb6 11. Bxc5 Nxc5 12. b3 Nxd3+ 13. Qxd3 Ba6 14. Qd2 0-0 15. Nc3 c5 16. 0-0-0 c4 17. Kb1 Bb5 18. h4 cxb3 19. cxb3 a5 20. Rh3 a4 21. b4 a3 22. Ka1 Rfc8 23. Rg3 Ba4 24. Rb1 Rc4 25. f5 Rxb4 26. f6 Rxb1+ 27. Nxb1 Rb8 28. Rb3 Bxb3 29. axb3 Qxb3 30. Qa2 Qxb1+ 31. Qxb1 Rxb1+ 32. Kxb1 d4 0-1

[Event "Budapest FS08 FM-C"]
[Site "Budapest"]
[Date "2005.08.12"]
[Round "7"]
[White "Spurgeon, Paul"]
[Black "Dobos, Otto"]
[Result "1/2-1/2"]
[WhiteElo "1969"]
[BlackElo "1963"]
[PlyCount "100"]
[EventDate "2005.08.06"]
[EventType "tourn"]
[EventRounds "11"]
[EventCountry "HUN"]
[SourceTitle "CBM 107 Extra"]
[Source "ChessBase"]
[SourceDate "2005.09.01"]
[SourceVersion "1"]
[SourceVersionDate "2005.09.01"]
[SourceQuality "1"]

1. e4 e5 2. Nf3 d6 3. d4 exd4 4. Nxd4 Nf6 5. Nc3 Be7 6. Be3 a6 7. f3 0-0 8. Qd2 Nc6 9. g4 Nd7 10. 0-0-0 Nxd4 11. Bxd4 Ne5 12. Qg2 Ng6 13. Bc4 b5 14. Bd5 Nf4 15. Qd2 Nxd5 16. Nxd5 Be6 17. Nxe7+ Qxe7 18. h4 f6 19. g5 f5 20. h5 fxe4 21. fxe4 Bg4 22. Rde1 c5 23. Be3 Qe6 24. Kb1 Rae8 25. g6 Bf3 26. gxh7+ Kxh7 27. Rhg1 Rf7 28. Rg6 Qxe4 29. Qxd6 Bxh5 30. Rh6+ Kg8 31. Rxh5 Qxe3 32. Rc1 c4 33. Qh2 Rf4 34. Rh8+ Kf7 35. Qh5+ g6 36. Qd5+ Kg7 37. Rhh1 Qe6 38. Qb7+ Rf7 39. Qg2 Rh8 40. Rhe1 Qb6 41. Qd5 Rh5 42. Qe4 a5 43. Qg4 Qc5 44. Re6 Qf5 45. Qd4+ Kh7 46. Re8 Qf6 47. Qg4 a4 48. Qc8 Qg7 49. a3 Rc7 50. Qd8 Rd7 1/2-1/2

[Event "Budapest FS08 FM-C"]
[Site "Budapest"]
[Date "2005.08.08"]
[Round "3"]
[White "Phillips, Gordon"]
[Black "Spurgeon, Paul"]
[Result "0-1"]
[WhiteElo "1830"]
[BlackElo "1969"]
[PlyCount "46"]
[EventDate "2005.08.06"]
[EventType "tourn"]
[EventRounds "11"]
[EventCountry "HUN"]
[SourceTitle "CBM 107 Extra"]
[Source "ChessBase"]
[SourceDate "2005.09.01"]
[SourceVersion "1"]
[SourceVersionDate "2005.09.01"]
[SourceQuality "1"]

1. e4 c5 2. Nf3 e6 3. d4 cxd4 4. Nxd4 Nf6 5. Bd3 Nc6 6. c3 e5 7. Nxc6 bxc6 8. Bg5 Be7 9. 0-0 0-0 10. Qe2 Re8 11. Nd2 d5 12. exd5 cxd5 13. Bb5 Bd7 14. Bxd7 Nxd7 15. Bxe7 Qxe7 16. Nf3 Nc5 17. Rfe1 e4 18. Nd4 Qg5 19. b3 Nd3 20. Red1 Rac8 21. Nb5 Re6 22. f3 Nf4 23. Qf1 e3 0-1

[Event "FRA-chT U20a 0405"]
[Site "France"]
[Date "2005.05.16"]
[Round "11.3"]
[White "Milandre, Olivier"]
[Black "Spurgeon, Paul"]
[Result "1/2-1/2"]
[WhiteElo "1988"]
[BlackElo "1959"]
[PlyCount "104"]
[EventDate "2004.11.19"]
[EventType "team"]
[EventRounds "11"]
[EventCountry "FRA"]
[SourceTitle "EXT 2006"]
[Source "ChessBase"]
[SourceDate "2005.11.24"]
[SourceVersion "1"]
[SourceVersionDate "2005.11.24"]
[SourceQuality "1"]

1. Nf3 Nf6 2. c4 c5 3. Nc3 Nc6 4. d4 cxd4 5. Nxd4 e6 6. g3 Bb4 7. Bg2 d5 8. 0-0 0-0 9. cxd5 Nxd5 10. Nxd5 exd5 11. Nc2 Be6 12. Nxb4 Nxb4 13. Qa4 Nc6 14. Rd1 Rc8 15. Be3 b6 16. Rac1 Qd7 17. Qb5 Rfd8 18. b3 h6 19. Rc2 Kh8 20. Rdc1 Ne7 21. Qxd7 Bxd7 22. Rxc8 Rxc8 23. Rxc8+ Bxc8 24. Bf4 Be6 25. e3 Nc6 26. Bd6 Kg8 27. Bf1 a5 28. Bc7 Nb4 29. Bxb6 Nxa2 30. Bxa5 d4 31. b4 dxe3 32. fxe3 Nc3 33. b5 Ne4 34. Bb4 Bd5 35. b6 Bb7 36. Bd3 g6 37. Kf1 Nf6 38. Be7 Ng4 39. h3 Nxe3+ 40. Kf2 Nf5 41. Bc5 h5 42. Bf1 h4 43. gxh4 Nxh4 44. Be3 Nf5 45. Bg2 Nxe3 46. Bxb7 Nc4 47. Be4 Nxb6 48. Kg3 Kg7 49. Kf4 Nd7 50. h4 Kh6 51. Bd5 f6 52. Bf3 g5+ 1/2-1/2

[Event "FRA-ch op-C"]
[Site "Aix les Bains"]
[Date "2003.08.26"]
[Round "7"]
[White "Spurgeon, Paul"]
[Black "Goldsztejn, Gerard"]
[Result "1-0"]
[WhiteElo "1460"]
[BlackElo "1670"]
[PlyCount "23"]
[EventDate "2003.08.19"]
[EventType "swiss"]
[EventRounds "9"]
[EventCountry "FRA"]
[SourceTitle "EXT 2004"]
[Source "ChessBase"]
[SourceDate "2003.11.25"]
[SourceVersion "1"]
[SourceVersionDate "2003.11.25"]
[SourceQuality "1"]

1. e4 e5 2. Nf3 Nc6 3. Nc3 Nf6 4. Bb5 d6 5. d4 Bd7 6. d5 Ne7 7. Qd3 a6 8. Bxd7+ Nxd7 9. Ng5 h6 10. Qh3 Ng6 11. Nxf7 Kxf7 12. Qe6# 1-0

[Event "FRA-chT U20 0203"]
[Site "Clichy"]
[Date "2003.05.04"]
[Round "11.5"]
[White "Spurgeon, Paul"]
[Black "Sainet, Bertrand"]
[Result "0-1"]
[WhiteElo "1470"]
[BlackElo "1580"]
[PlyCount "52"]
[EventDate "2002.12.??"]
[EventType "team"]
[EventRounds "11"]
[EventCountry "FRA"]
[SourceTitle "EXT 2004"]
[Source "ChessBase"]
[SourceDate "2003.11.25"]
[SourceVersion "1"]
[SourceVersionDate "2003.11.25"]
[SourceQuality "1"]
[WhiteTeam "Bois Colombes"]
[BlackTeam "Nancy"]
[WhiteTeamCountry "FRA"]
[BlackTeamCountry "FRA"]

1. e4 c5 2. Nf3 Nc6 3. d4 cxd4 4. Nxd4 g6 5. Nc3 Bg7 6. Be3 Nf6 7. Bc4 Qa5 8. Bb3 Nxe4 9. Qd3 Nxc3 10. bxc3 Nxd4 11. Bxd4 Bxd4 12. Qxd4 0-0 13. 0-0 Qg5 14. Rfe1 d6 15. Bd5 e6 16. Bf3 d5 17. c4 dxc4 18. Qxc4 Rb8 19. Qc7 Ra8 20. Rab1 Qd8 21. Qxd8 Rxd8 22. Bxb7 Bxb7 23. Rxb7 Rd2 24. Rc1 Rc8 25. Rxa7 Rcxc2 26. Rxc2 Rd1# 0-1

[Event "FRA-chT U20 0203"]
[Site "Clichy"]
[Date "2003.05.03"]
[Round "9.5"]
[White "Spurgeon, Paul"]
[Black "Blum, Nicolas"]
[Result "0-1"]
[WhiteElo "1390"]
[BlackElo "1800"]
[PlyCount "56"]
[EventDate "2002.12.??"]
[EventType "team"]
[EventRounds "11"]
[EventCountry "FRA"]
[SourceTitle "EXT 2004"]
[Source "ChessBase"]
[SourceDate "2003.11.25"]
[SourceVersion "1"]
[SourceVersionDate "2003.11.25"]
[SourceQuality "1"]
[WhiteTeam "Bois Colombes"]
[BlackTeam "Mulhouse"]
[WhiteTeamCountry "FRA"]
[BlackTeamCountry "FRA"]

1. e4 d5 2. exd5 Qxd5 3. Nc3 Qa5 4. d4 Nf6 5. Nf3 Bg4 6. Bc4 e6 7. 0-0 c6 8. Qd3 Bf5 9. Qd1 Nbd7 10. Bd2 Qc7 11. Re1 Be7 12. Ne5 0-0 13. Bf4 Bd6 14. Qf3 Nb6 15. Bb3 Nbd5 16. Nxd5 cxd5 17. c4 Be4 18. Qg3 Nh5 19. Qg5 Nxf4 20. Qxf4 f6 21. cxd5 Bxd5 22. Rac1 Qb6 23. Nd7 Bxf4 24. Nxb6 axb6 25. Rc3 Bd2 26. Ree3 Bxe3 27. Rxe3 Bxb3 28. axb3 Ra1+ 0-1

[Event "FRA-chT U20 0203"]
[Site "Clichy"]
[Date "2003.05.02"]
[Round "8.5"]
[White "Perusseau, Clement"]
[Black "Spurgeon, Paul"]
[Result "0-1"]
[WhiteElo "1360"]
[BlackElo "1390"]
[PlyCount "52"]
[EventDate "2002.12.??"]
[EventType "team"]
[EventRounds "11"]
[EventCountry "FRA"]
[SourceTitle "EXT 2004"]
[Source "ChessBase"]
[SourceDate "2003.11.25"]
[SourceVersion "1"]
[SourceVersionDate "2003.11.25"]
[SourceQuality "1"]
[WhiteTeam "Neuilly"]
[BlackTeam "Bois Colombes"]
[WhiteTeamCountry "FRA"]
[BlackTeamCountry "FRA"]

1. e4 e5 2. Nf3 Nc6 3. d4 exd4 4. Nxd4 Nf6 5. Nxc6 bxc6 6. e5 Qe7 7. Qe2 Nd5 8. c4 Ba6 9. Nd2 Nf4 10. Qe3 Ng6 11. f4 f6 12. Bd3 d6 13. Nf3 dxe5 14. Bxg6+ hxg6 15. fxe5 Bxc4 16. Qe4 Bd5 17. Qxg6+ Qf7 18. Qxf7+ Kxf7 19. exf6 gxf6 20. 0-0 Bc5+ 21. Kh1 Rae8 22. Bd2 Re2 23. Bc3 Bd6 24. h3 Rg8 25. Rg1 Bxf3 26. gxf3 Rh2# 0-1

[Event "FRA-chT U20 0203"]
[Site "Clichy"]
[Date "2002.12.01"]
[Round "3.5"]
[White "Spurgeon, Paul"]
[Black "Dubessay, Bastien"]
[Result "0-1"]
[WhiteElo "1390"]
[BlackElo "1660"]
[PlyCount "66"]
[EventDate "2002.12.??"]
[EventType "team"]
[EventRounds "11"]
[EventCountry "FRA"]
[SourceTitle "EXT 2004"]
[Source "ChessBase"]
[SourceDate "2003.11.25"]
[SourceVersion "1"]
[SourceVersionDate "2003.11.25"]
[SourceQuality "1"]
[WhiteTeam "Bois Colombes"]
[BlackTeam "AECE"]
[WhiteTeamCountry "FRA"]
[BlackTeamCountry "FRA"]

1. e4 c5 2. Nf3 d6 3. d4 cxd4 4. Nxd4 Nf6 5. Nc3 a6 6. Bc4 e6 7. Bg5 Be7 8. 0-0 Qa5 9. f4 b5 10. Bd3 Qb6 11. Kh1 0-0 12. e5 dxe5 13. fxe5 Bc5 14. Bxf6 gxf6 15. Qg4+ Kh8 16. exf6 Rg8 17. Qh5 Rg6 18. Bxg6 fxg6 19. Qe5 Qd6 20. f7+ Qxe5 21. f8Q+ Bxf8 22. Rxf8+ Kg7 23. Rxc8 Qxd4 24. Re1 Qf4 25. Re8 Ra7 26. R8xe6 Rf7 27. h3 Qg3 28. Re7 Nc6 29. R7e6 Rf5 30. Rd1 Nd8 31. Re7+ Nf7 32. Ne4 Qb8 33. Rdd7 Rf1# 0-1